Pokémon Donjon Mystère Explorateurs du Ciel- Titres des chapitres - Statistiques

Statistiques générales
  • Ce quiz a été pris 2 fois
  • Le résultat moyen est 3 sur 26
Statistiques - réponses
Numéro du chapitre Titre du chapitre % Correct
Chapitre 11 Massko
100%
Chapitre 3 Le cri
50%
Chapitre 17 Les membres de la Guilde
50%
Chapitre 10 Noctunoir
50%
Chapitre 8 Coeur de Groudon
0%
Post Game 6 Darkrai
0%
Chapitre 7 La grande expédition de la Guilde
0%
Chapitre 12 La seule solution
0%
Post Game 1 Le diplôme de la Guilde
0%
Chapitre 9 Le mystère du Lac des Brumes
0%
Post Game 2 Le Pic Céleste
0%
Chapitre 6 L'Equipe Crâne
0%
Post Game 3 Le sauvetage de Cizayox
0%
Chapitre 15 Le secret de la Paralysie de la Planète
0%
Chapitre 13 Le secret de Noctunoir
0%
Chapitre 4 Les gardiens de l'entrée
0%
Chapitre 2 Les nouvelles recrues de la Guilde
0%
Post Game 5 Les secrets de la Grotte Egide
0%
Post Game 4 L'Oeuf de Manaphy
0%
Chapitre 18 Lokhlass
0%
Chapitre 5 Première exploration officielle
0%
Chapitre 1 Tempête en haute mer
0%
Chapitre final Ultime aventure
0%
Chapitre 16 Une nouvelle aurore
0%
Chapitre 19 Vers les Terres Illusoires
0%
Chapitre 14 Voyage dans le futur
0%
Aucun quiz correspondant
Distribution des résultats
% des personnes avec chaque résultat
Percentile par nombre de réponses
Votre historique - résultats
Vous n’avez pas pris ce quiz